Catalog

Record Details

Catalog Search



Barevné pohádky a hříčky  Cover Image Book Book

Barevné pohádky a hříčky / Zdeňka Braumová ; ilustrace Patricie Koubská

Record details

  • ISBN: 978-80-262-0098-7 (brož.)
  • Physical Description: 125 s. : il. (převážně barev.) ; 23 cm
  • Edition: Vyd. 1.
  • Publisher: Praha : Portál, 2012
Subject: děti předškolního věku
děti školního věku
rozvoj myšlení
preschool children
school children
development of thought
Genre: pohádky
pracovní sešity
publikace pro děti
fairy tales
activity books
children's literature

Available copies

  • 1 of 1 copy available at Common Catalog SPOK.

Holds

  • 0 current holds with 1 total copy.
Show Only Available Copies
Location Call Number / Copy Notes Barcode Shelving Location Status Due Date
Jabok Library Ped-3.5.1.2/B 424480027621 Odborná literatura Available -

LDR 03205nam a2200877 a 4500
00116758
003CZ-PrJAB
00520121207082047.0
007ta
008120417s2012 xr a a 000 m cze
015 . ‡acnb002258317
020 . ‡a978-80-262-0098-7 (brož.)
035 . ‡a(CONS)16758
035 . ‡a(CZ PrSKC)nkc20112258317
035 . ‡a(OCoLC)796016337
040 . ‡aABA001 ‡bcze ‡dOLA001
072 7. ‡a373.2/.3 ‡xPředškolní a primární výchova a vzdělávání ‡2Konspekt ‡922
072 7. ‡a0/9-053.2 ‡xLiteratura pro děti a mládež (naučná) ‡2Konspekt ‡926
080 . ‡a316.346.32-053.4 ‡2MRF
080 . ‡a316.346.32-053.5 ‡2MRF
080 . ‡a159.955 ‡2MRF
080 . ‡a(0:82-34) ‡2MRF
080 . ‡a(076.1) ‡2MRF
080 . ‡a(0.053.2) ‡2MRF
1001 . ‡aBraumová, Zdeňka, ‡d1982- ‡7xx0036406 ‡4aut
24510. ‡aBarevné pohádky a hříčky / ‡cZdeňka Braumová ; ilustrace Patricie Koubská
250 . ‡aVyd. 1.
260 . ‡aPraha : ‡bPortál, ‡c2012
300 . ‡a125 s. : ‡bil. (převážně barev.) ; ‡c23 cm
65007. ‡aděti předškolního věku ‡7ph119710 ‡2czenas
65007. ‡aděti školního věku ‡7ph119714 ‡2czenas
65007. ‡arozvoj myšlení ‡7ph135316 ‡2czenas
65009. ‡apreschool children ‡2eczenas
65009. ‡aschool children ‡2eczenas
65009. ‡adevelopment of thought ‡2eczenas
655 7. ‡apohádky ‡7fd133054 ‡2czenas
655 7. ‡apracovní sešity ‡7fd133116 ‡2czenas
655 7. ‡apublikace pro děti ‡7fd133156 ‡2czenas
655 9. ‡afairy tales ‡2eczenas
655 9. ‡aactivity books ‡2eczenas
655 9. ‡achildren's literature ‡2eczenas
7001 . ‡aKoubská, Patricie, ‡d1973- ‡7jn20001227121 ‡4ill
910 . ‡aABG312
901 . ‡a16758 ‡b ‡c16758 ‡tbiblio

Additional Resources